| 000 | 00000nas 2200000za 4500 |
| 001 | 9.506870 |
| 003 | CaOODSP |
| 005 | 20241203113633 |
| 007 | cr ||||||||||| |
| 008 | 150406d19931997qucar p o f0 a0eng|d |
| 040 | |aCaOODSP|beng |
| 043 | |an-cn--- |
| 086 | 1 |aEn81-14E-PDF |
| 110 | 2 |aNational Pollutant Release Inventory (Canada) |
| 245 | 10|aSummary report |h[electronic resource] / |cNational Pollutant Release Inventory. |
| 246 | 17|aSummary report of the ... NPRI |
| 260 | |aGatineau, Quebec : |bEnvironment Canada, |c[1995?-1997] |
| 310 | |aAnnual |
| 362 | 1 |aBegan with 1993; ceased with 1997. |
| 500 | |aIssued also in French under title: Rapport sommaire. |
| 580 | |aSplit into: National overview, and: About the NPRI. |
| 692 | 07|2gccst|aPollutants |
| 710 | 1 |aCanada. |bEnvironment Canada. |
| 775 | 08|tRapport sommaire |w(CaOODSP)9.503276 |
| 785 | 00|tNational overview |w(CaOODSP)9.506883 |